000 00779nam a22001937a 4500
003 OSt
005 20250822055331.0
008 250822b |||||||| |||| 00| 0 eng d
040 _aDWCL MAIN LIB
_cOC
082 _aRes. 344.0729 S246c 2015
100 _aSARMIENTO, ULPIANO "ULAN" P. III
245 _aCompendium of school laws in the Philippines, volume 1 :
_b the manual of regulation for private higher education /
_cSARMIENTO, ULPIANO "ULAN" P. III
260 _a[Place of publication not identified] :
_b[Publisher not identified],
_cc2015.
300 _avi, 977 pages ;
_c28 cm.
504 _aIncludes indexs.
650 _2Educational law and legislation--Philippines.
650 _2Educational laws--Higher education--Philippnes.
942 _2ddc
_cBK-0 CIRC
_kRes.
_n0
999 _c4183
_d4183